00704nam a2200229 a 4500001001300000003000900013005001700022008004100039020002300080082001600103100002500119245006300144260004400207300001000251500003500261505001700296650001200313902000800325942000700333952011700340999001700457nice12345678IN_TiNIC20260116014719.0131023s2011 lona grp 000 0 eng  a9780198077213c59500a340.11bDIA aDias, Ayesha Kadwani aJustice for the Poorb Perspectives on Accelerating Access aLondan bOxford University Press c2011 a678p  aincludes index and biblioraphy2 aBibliography aJustice bSRS cBK 001040708StackRoom-aHMIbHMId2013-10-23g595.00l0o340.11 DIAp024153r2013-10-23v595.00w2013-10-23yBK c16603d16603